[Event "NCL967 Wood Green-Richmond"]
[Site "Rd3"]
[Date "1996.11.23"]
[Round "3.7"]
[White "Franklin, Michael"]
[Black "Lee, Graham"]
[Result "0-1"]
[WhiteElo "2255"]
[BlackElo "2375"]
[PlyCount "90"]
[EventDate "1996.11.23"]
[Source "J.Saunders"]
[SourceDate "1998.06.06"]

1. c4 Nf6 2. Nc3 c5 3. e4 Nc6 4. g3 e6 5. f4 d6 6. Bg2 Be7 7. Nge2 O-O 8. O-O
a6 9. h3 Qc7 10. g4 Rb8 11. Ng3 b5 12. d3 Nd4 13. b3 Bb7 14. Be3 Bc6 15. Qd2
Rfe8 16. Rf2 Nd7 17. g5 b4 18. Nce2 Nxe2+ 19. Nxe2 Qb7 20. Raf1 d5 21. Qc2 dxc4
22. dxc4 Rbd8 23. Bc1 a5 24. h4 a4 25. Ng3 Bf8 26. h5 a3 27. Be3 Qc7 28. Kh1
Nb8 29. Rg1 Rd7 30. e5 Red8 31. Kh2 Rd3 32. Qe2 Bxg2 33. Rfxg2 Nc6 34. Qf2 Nd4
35. g6 fxg6 36. hxg6 hxg6 37. Bxd4 R8xd4 38. Re1 Qf7 39. Rf1 Be7 40. Qe2 Bh4
41. Qg4 Bxg3+ 42. Rxg3 Rd2+ 43. Rg2 Qf5 44. Qxf5 Rxg2+ 45. Kxg2 Rd2+ 0-1

[Event "NCL967 Witney-Na Fianna"]
[Site "Rd3"]
[Date "1996.11.23"]
[Round "3.2"]
[White "Richardson, John"]
[Black "Taulbut, Shaun"]
[Result "0-1"]
[WhiteElo "2310"]
[BlackElo "2400"]
[PlyCount "72"]
[EventDate "1996.11.23"]
[Source "J.Saunders"]
[SourceDate "1998.06.06"]

1. d4 Nf6 2. c4 e6 3. Nc3 Bb4 4. e3 O-O 5. Bd3 d6 6. Nge2 e5 7. O-O Bxc3 8.
Nxc3 Nc6 9. d5 Ne7 10. Qc2 Ng6 11. f4 exf4 12. exf4 Re8 13. f5 Nf8 14. Bg5 h6
15. Bh4 N8h7 16. Ne4 c6 17. Kh1 cxd5 18. cxd5 Re5 19. Qb3 b6 20. Qb4 Bb7 21.
Nxd6 Nxd5 22. Nxb7 Nxb4 23. Nxd8 Nxd3 24. Rad1 Nxb2 25. Rd7 Re4 26. Re1 Rxe1+
27. Bxe1 Nf6 28. Rd4 Rc8 29. Kg1 Rc2 30. Bh4 a5 31. Nb7 Nc4 32. Rd8+ Kh7 33.
Rf8 Ng4 34. Be1 Nce3 35. h3 Rxg2+ 36. Kh1 Ne5 0-1

[Event "NCL967 Witney-Na Fianna"]
[Site "Rd3"]
[Date "1996.11.23"]
[Round "3.3"]
[White "Cobb, James"]
[Black "O'Shaughnessy, Conor"]
[Result "0-1"]
[WhiteElo "2260"]
[BlackElo "2260"]
[PlyCount "116"]
[EventDate "1996.11.23"]
[Source "J.Saunders"]
[SourceDate "1998.06.06"]

1. Nf3 Nf6 2. c4 c5 3. Nc3 e6 4. g3 b6 5. Bg2 Bb7 6. O-O Be7 7. b3 a6 8. Bb2
O-O 9. d4 cxd4 10. Qxd4 d6 11. Rfd1 Nbd7 12. e4 Qc7 13. Ba3 Nc5 14. e5 dxe5 15.
Qxe5 Qc8 16. Bb2 Bc6 17. Qf4 Rd8 18. Rxd8+ Bxd8 19. Rd1 Bc7 20. Qe3 Qe8 21. b4
Ncd7 22. b5 axb5 23. cxb5 Bb7 24. Nd4 Bxg2 25. Kxg2 Ne5 26. Qe2 Nfd7 27. f4 Ng6
28. Nc6 Bxf4 29. Qd3 Nc5 30. Qd4 e5 31. Qc4 Bg5 32. h4 Bf6 33. Nd5 Qe6 34. a3
h5 35. Nxb6 Qxc4 36. Nxc4 Ra4 37. Nb6 Rg4 38. Kh2 Ne4 39. Rd3 Bxh4 40. gxh4 Nf4
41. Rf3 Rg2+ 42. Kh1 Rxb2 43. Nxe5 Rxb5 44. Nbd7 Rb1+ 45. Kh2 Rb2+ 46. Kh1 f6
47. Nc4 Ra2 48. Ndb6 g5 49. hxg5 fxg5 50. Kg1 h4 51. Na4 h3 52. Nab2 Ra1+ 53.
Kh2 Rc1 54. Ne3 Re1 55. Nbd1 Re2+ 56. Kh1 Ra2 57. Ng4 Ra1 58. Nge3 Kh7 0-1

[Event "NCL967 Witney-Na Fianna"]
[Site "Rd3"]
[Date "1996.11.23"]
[Round "3.4"]
[White "Heidenfeld, Mark"]
[Black "Cobb, Charles"]
[Result "1-0"]
[WhiteElo "2320"]
[BlackElo "2260"]
[PlyCount "43"]
[EventDate "1996.11.23"]
[Source "J.Saunders"]
[SourceDate "1998.06.06"]

1. e4 c5 2. Nf3 Nc6 3. d4 cxd4 4. Nxd4 Qc7 5. Nc3 e6 6. g3 a6 7. Bg2 Nf6 8. O-O
Bb4 9. Nde2 Be7 10. b3 O-O 11. Bb2 b5 12. Nd5 exd5 13. exd5 Bb7 14. dxc6 dxc6
15. Nd4 c5 16. Nf5 Rad8 17. Qc1 Bc8 18. Nxg7 Qd6 19. Re1 Ng4 20. Nh5 c4 21. h3
Nxf2 22. Rxe7 1-0

[Event "NCL967 Witney-Na Fianna"]
[Site "Rd3"]
[Date "1996.??.??"]
[Round "3.5"]
[White "Truran, Michael"]
[Black "Lyell, Mark"]
[Result "0-1"]
[WhiteElo "2255"]
[BlackElo "2235"]
[PlyCount "60"]
[EventDate "1996.11.23"]
[Source "J.Saunders"]
[SourceDate "1998.06.06"]

1. d4 f5 2. c4 Nf6 3. Qc2 g6 4. g3 Bg7 5. Bg2 O-O 6. b3 Nc6 7. Bb2 d6 8. d5 Ne5
9. Nh3 Qe8 10. Nf4 g5 11. Ne6 Bxe6 12. dxe6 Ne4 13. Nd2 Nxd2 14. Qxd2 Qg6 15.
Bxb7 Rab8 16. Bg2 Nxc4 17. bxc4 Rxb2 18. Qa5 Rc2 19. Qa4 Bc3+ 20. Kf1 f4 21.
Rd1 fxg3 22. hxg3 Qf5 23. f4 gxf4 24. Bf3 fxg3 25. Qc6 Rxe2 26. Kxe2 Qc2+ 27.
Ke3 Qf2+ 28. Kd3 Rxf3+ 29. Qxf3 Qxf3+ 30. Kc2 g2 0-1

[Event "NCL967 Witney-Na Fianna"]
[Site "Rd3"]
[Date "1996.11.23"]
[Round "3.6"]
[White "Wallace, Paul"]
[Black "Headlong, Tim"]
[Result "0-1"]
[WhiteElo "2220"]
[BlackElo "2250"]
[PlyCount "106"]
[EventDate "1996.11.23"]
[Source "J.Saunders"]
[SourceDate "1998.06.06"]

1. e4 c5 2. Nc3 Nc6 3. g3 g6 4. Bg2 Bg7 5. d3 d6 6. f4 e6 7. Nf3 Nge7 8. O-O
O-O 9. Kh1 Rb8 10. Ne2 b6 11. g4 f5 12. gxf5 exf5 13. Rb1 b5 14. Be3 b4 15. Ng3
Qa5 16. Qd2 Nd4 17. a3 Nxf3 18. Bxf3 Qb6 19. axb4 Qxb4 20. Qxb4 Rxb4 21. e5
dxe5 22. Bxc5 Rb7 23. fxe5 Bxe5 24. Rfe1 Bf6 25. Bxb7 Bxb7+ 26. Kg1 Kf7 27. c4
Rd8 28. b4 Nc6 29. b5 Ne5 30. Bxa7 Nf3+ 31. Kf2 Nxe1 32. Kxe1 Rxd3 33. c5 Rc3
34. Rd1 Ke8 35. Rd6 Be7 36. Re6 Kd7 37. Re2 Bxc5 38. Bxc5 Rxc5 39. Rb2 Kc7 40.
Ne2 Kb6 41. Nd4 Rd5 42. Nf3 Rxb5 43. Rxb5+ Kxb5 44. Ng5 h6 45. Nf7 Bd5 46. Nxh6
Kc5 47. h4 Be6 48. Kf2 Kd4 49. Kf3 Ke5 50. Ke3 Kf6 51. Kf4 Bc4 52. h5 g5+ 53.
Ke3 Be6 0-1

[Event "NCL967 NW Eagles-Invicta Kts"]
[Site "Rd3"]
[Date "1996.11.23"]
[Round "3.2"]
[White "McDonald, Neil"]
[Black "Littlewood, John"]
[Result "1-0"]
[WhiteElo "2500"]
[BlackElo "2275"]
[PlyCount "89"]
[EventDate "1996.11.23"]
[Source "J.Saunders"]
[SourceDate "1998.06.06"]

1. e4 e5 2. Nf3 d6 3. d4 exd4 4. Nxd4 Nf6 5. Nc3 Be7 6. Be2 O-O 7. O-O Re8 8.
Re1 Bf8 9. Bf1 Nc6 10. Bg5 Nxd4 11. Qxd4 Be7 12. Rad1 Bd7 13. e5 dxe5 14. Rxe5
Be6 15. Qh4 Nd7 16. Rb5 Bxg5 17. Rxg5 Qe7 18. Qg3 f6 19. Rb5 Nb6 20. h3 Bf7 21.
a3 Rad8 22. Rxd8 Rxd8 23. Rb4 Bg6 24. Bd3 Bxd3 25. cxd3 Qd6 26. Qxd6 Rxd6 27.
Nb5 Rxd3 28. Nxa7 Rd1+ 29. Kh2 Rd2 30. a4 Rc2 31. b3 Rc5 32. Nb5 Nd5 33. Rd4 c6
34. Nd6 b6 35. b4 Rc2 36. b5 Ne7 37. Re4 Kf8 38. a5 bxa5 39. b6 Rb2 40. b7 g6
41. Re6 a4 42. Rxf6+ Kg8 43. Re6 Kf8 44. Re5 a3 45. Nb5 1-0

[Event "NCL967 NW Eagles-Invicta Kts"]
[Site "Rd3"]
[Date "1996.11.23"]
[Round "3.3"]
[White "Sheldon, Ruth"]
[Black "Berend Sakhatova, Elvira"]
[Result "1-0"]
[WhiteElo "2230"]
[BlackElo "2325"]
[PlyCount "75"]
[EventDate "1996.11.23"]
[Source "J.Saunders"]
[SourceDate "1998.06.06"]

1. d4 Nf6 2. c4 g6 3. Nc3 Bg7 4. e4 d6 5. Be2 O-O 6. Nf3 Na6 7. Bg5 h6 8. Bh4
Nh5 9. Qd2 Qe8 10. O-O e5 11. Nd5 c6 12. Ne7+ Kh7 13. c5 Nf6 14. Bxf6 Bxf6 15.
cxd6 exd4 16. Nxc8 Qxc8 17. e5 Bg7 18. Qxd4 Nb8 19. Rfe1 Nd7 20. Bd3 Qd8 21.
Qg4 Nc5 22. Bc2 Re8 23. h4 Kg8 24. h5 g5 25. Re3 Ne6 26. Qf5 Kf8 27. Rd1 Qa5
28. Nh2 Qb4 29. Rf3 Nd8 30. Ng4 Qxb2 31. Bb3 Rxe5 32. Nxe5 Qxe5 33. Qd7 Qe8 34.
Qc7 Kg8 35. d7 Qe5 36. Qc8 Qb8 37. Rxf7 Kh7 38. Re7 1-0

[Event "NCL967 NW Eagles-Invicta Kts"]
[Site "Rd3"]
[Date "1996.11.23"]
[Round "3.4"]
[White "Gormally, Danny"]
[Black "Tebb, David"]
[Result "1-0"]
[WhiteElo "2300"]
[BlackElo "2320"]
[PlyCount "165"]
[EventDate "1996.11.23"]
[Source "J.Saunders"]
[SourceDate "1998.06.06"]

1. d4 Nf6 2. c4 g6 3. Nc3 Bg7 4. e4 d6 5. f4 O-O 6. Nf3 Na6 7. Be2 e5 8. fxe5
dxe5 9. d5 Nc5 10. Bg5 h6 11. Bxf6 Qxf6 12. b4 Na6 13. Rb1 c5 14. a3 b6 15. O-O
Qd6 16. Nb5 Qd8 17. Qe1 Bd7 18. Qg3 Qe7 19. d6 Qe6 20. Rfd1 Qg4 21. Qxg4 Bxg4
22. Nc3 Rfd8 23. Nd5 Rxd6 24. b5 Rxd5 25. cxd5 Nc7 26. a4 Ne8 27. h3 Bxf3 28.
gxf3 Nd6 29. a5 bxa5 30. Ra1 Nb7 31. d6 Bf8 32. d7 Rd8 33. Rd5 c4 34. Rxe5 Rxd7
35. Bxc4 Bc5+ 36. Kf1 Bb6 37. Rd5 Rc7 38. Rc1 a4 39. Rdd1 Be3 40. Rc3 Bf4 41.
Rc2 a3 42. Bb3 Nc5 43. Ba2 Kf8 44. Rd5 Ne6 45. Rc6 Ke7 46. Rd3 Rb7 47. Bxe6
fxe6 48. Rxa3 Rxb5 49. Rxa7+ Kf6 50. Raa6 Re5 51. Ke2 g5 52. Kd3 h5 53. Rc8 Rb5
54. Re8 Re5 55. Kd4 Bg3 56. Rc6 Bf2+ 57. Kc4 Be3 58. Rb8 g4 59. Kd3 Bh6 60.
hxg4 hxg4 61. fxg4 Rg5 62. Re8 Re5 63. Kd4 Bg7 64. Ke3 Kf7 65. Ra8 Bh6+ 66. Kd4
Rg5 67. Raa6 Bg7+ 68. Ke3 Rg6 69. g5 Rxg5 70. Rxe6 Rg1 71. Rec6 Re1+ 72. Kf3
Rf1+ 73. Ke2 Rf4 74. Ke3 Rg4 75. Kf3 Rg1 76. e5 Re1 77. Rc7+ Kg8 78. Rg6 Rf1+
79. Ke4 Rf7 80. Rxf7 Kxf7 81. Rxg7+ Kxg7 82. Kd5 Kf7 83. Kd6 1-0

[Event "NCL967 NW Eagles-Invicta Kts"]
[Site "Rd3"]
[Date "1996.11.23"]
[Round "3.5"]
[White "Merriman, John"]
[Black "Vigus, James"]
[Result "1/2-1/2"]
[WhiteElo "2275"]
[BlackElo "2245"]
[PlyCount "94"]
[EventDate "1996.11.23"]
[Source "J.Saunders"]
[SourceDate "1998.06.06"]

1. d4 Nf6 2. c4 c5 3. d5 e5 4. Nc3 d6 5. e4 Be7 6. Bd3 Nbd7 7. Nge2 h5 8. h3 h4
9. Be3 Nf8 10. Bc2 Ng6 11. Qd2 Bd7 12. a3 Qc8 13. f4 exf4 14. Nxf4 Ne5 15. b3
Nh5 16. Nxh5 Rxh5 17. Bd1 Rh8 18. Be2 a6 19. a4 Qd8 20. a5 b6 21. axb6 Qxb6 22.
O-O Qb4 23. Qc2 Qb8 24. Ra3 Qd8 25. Na2 Bg5 26. Qd2 Bxe3+ 27. Qxe3 a5 28. Nc1
Kf8 29. Nd3 Nxd3 30. Bxd3 Qe7 31. Rfa1 Qe5 32. R1a2 Qc3 33. Qd2 Qxd2 34. Rxd2
Ke7 35. Rda2 a4 36. bxa4 Ra5 37. Bc2 Rb8 38. Rb3 Rba8 39. Rb7 Ke8 40. Rb1 Ke7
41. Kf2 R5a6 42. Rba1 Ra5 43. Ke3 Rb8 44. Kd2 Rb7 45. Kc3 Rba7 46. Bd1 Kf6 47.
Rf2+ Ke7 1/2-1/2

[Event "NCL967 NW Eagles-Invicta Kts"]
[Site "Rd3"]
[Date "1996.11.23"]
[Round "3.6"]
[White "Dickenson, Neil"]
[Black "Giblin, William"]
[Result "1/2-1/2"]
[WhiteElo "2300"]
[BlackElo "2130"]
[PlyCount "96"]
[EventDate "1996.11.23"]
[Source "J.Saunders"]
[SourceDate "1998.06.06"]

1. d4 Nf6 2. c4 e6 3. Nc3 Bb4 4. e3 c5 5. Bd3 Nc6 6. a3 Bxc3+ 7. bxc3 b6 8. Ne2
O-O 9. e4 Ne8 10. O-O Ba6 11. f4 f5 12. Ng3 g6 13. exf5 exf5 14. Be2 Nf6 15.
Be3 Re8 16. Bf2 d6 17. Re1 Rc8 18. Bd3 Na5 19. Bxf5 gxf5 20. Nxf5 Qd7 21. Nh6+
Kg7 22. Bh4 Kxh6 23. Bxf6 Kg6 24. Bg5 h6 25. Bh4 Bxc4 26. dxc5 bxc5 27. f5+
Qxf5 28. Qxd6+ Re6 29. Rxe6+ Qxe6 30. Qg3+ Kh7 31. Re1 Qf5 32. Re7+ Bf7 33. Qd6
Nc4 34. Qa6 Rb8 35. Re1 Rb2 36. Qxa7 Qg6 37. Bg3 Nd6 38. Rf1 Rb7 39. Qxc5 Ne4
40. Qc8 Nxg3 41. Qxb7 Nxf1 42. Kxf1 Qd3+ 43. Kf2 Qc2+ 44. Kf1 Kg7 45. Qb4 Qd1+
46. Kf2 Qd2+ 47. Kf1 Qd1+ 48. Kf2 Qd2+ 1/2-1/2

[Event "NCL967 NW Eagles-Invicta Kts"]
[Site "Rd3"]
[Date "1996.11.23"]
[Round "3.7"]
[White "Smith, Alan A"]
[Black "Bibby, Simon"]
[Result "1-0"]
[WhiteElo "2225"]
[BlackElo "2250"]
[PlyCount "39"]
[EventDate "1996.11.23"]
[Source "J.Saunders"]
[SourceDate "1998.06.06"]

1. e4 c5 2. Nf3 Nc6 3. Bb5 g6 4. O-O Bg7 5. Re1 Nf6 6. e5 Nd5 7. Nc3 Nc7 8.
Bxc6 dxc6 9. Ne4 Ne6 10. d3 O-O 11. Be3 b6 12. Qd2 f5 13. exf6 exf6 14. Bh6 Qc7
15. Bxg7 Kxg7 16. Re3 Bd7 17. d4 cxd4 18. Nxd4 Nxd4 19. Qxd4 Rad8 20. Nxf6 1-0

[Event "NCL967 NW Eagles-Invicta Kts"]
[Site "Rd3"]
[Date "1996.11.23"]
[Round "3.8"]
[White "Gurr, Lyndon"]
[Black "James, Dale"]
[Result "1-0"]
[WhiteElo "2048"]
[BlackElo "2250"]
[PlyCount "49"]
[EventDate "1996.11.23"]
[Source "J.Saunders"]
[SourceDate "1998.06.06"]

1. d4 d6 2. c4 Nd7 3. Nf3 e5 4. Nc3 c6 5. e4 Be7 6. Be2 Ngf6 7. O-O Qc7 8. b3
h6 9. Bb2 g5 10. dxe5 dxe5 11. Rc1 Nf8 12. Nxe5 Bd6 13. Nf3 Ng4 14. Nb5 cxb5
15. cxb5 Bxh2+ 16. Kh1 Qf4 17. Bxh8 Ng6 18. Bd4 Be6 19. Be3 Qb8 20. Qd4 Nxe3
21. fxe3 Bc7 22. Bc4 Bb6 23. Qf6 Bxc4 24. Rxc4 Qg3 25. Nd4 1-0

[Event "NCL967 Northumbria-Barbican"]
[Site "Rd3"]
[Date "1996.11.23"]
[Round "3.1"]
[White "Rowson, Jonathan"]
[Black "Crouch, Colin"]
[Result "1/2-1/2"]
[WhiteElo "2425"]
[BlackElo "2375"]
[PlyCount "75"]
[EventDate "1996.11.23"]
[Source "J.Saunders"]
[SourceDate "1998.06.06"]

1. e4 e6 2. d4 d5 3. Nc3 Bb4 4. e5 Ne7 5. Bd2 O-O 6. Bd3 Nf5 7. Nf3 b6 8. Ne2
Bxd2+ 9. Qxd2 Nh4 10. Nxh4 Qxh4 11. O-O c5 12. c3 Ba6 13. Bxa6 Nxa6 14. f4 f5
15. Qd3 c4 16. Qe3 b5 17. a3 Qe7 18. Kh1 Nc7 19. Rg1 a5 20. g4 b4 21. Rg2 bxa3
22. bxa3 Rab8 23. Rag1 Ne8 24. gxf5 exf5 25. Ng3 Qe6 26. Nf1 Rf7 27. a4 Rb1 28.
Qf3 Nc7 29. Ne3 Rb3 30. Qh5 Ne8 31. Rg5 g6 32. Qf3 Nc7 33. Ng2 Qb6 34. Nh4 Ne6
35. R5g2 Qb7 36. Nxg6 hxg6 37. Rxg6+ Ng7 38. Qh5 1/2-1/2

[Event "NCL967 Northumbria-Barbican"]
[Site "Rd3"]
[Date "1996.11.23"]
[Round "3.2"]
[White "Pritchett, Craig"]
[Black "Ledger, Andrew"]
[Result "0-1"]
[WhiteElo "2325"]
[BlackElo "2415"]
[PlyCount "78"]
[EventDate "1996.11.23"]
[Source "J.Saunders"]
[SourceDate "1998.06.06"]

1. e4 c6 2. d4 d5 3. e5 Bf5 4. Nf3 e6 5. a3 c5 6. c4 Be4 7. cxd5 Bxd5 8. Nc3
Nc6 9. dxc5 Bxf3 10. Qxf3 Bxc5 11. Bb5 Nge7 12. Bg5 Qc7 13. O-O O-O 14. Bxc6
Nxc6 15. Rae1 Bd4 16. Nb5 Qb6 17. Nxd4 Qxd4 18. Re4 Qd7 19. h4 Rfc8 20. h5 h6
21. Rd1 Qe8 22. Bh4 Ne7 23. Bxe7 Qxe7 24. Red4 Rc7 25. Qd3 Rf8 26. Rd8 Rc5 27.
Rxf8+ Qxf8 28. Qe3 b6 29. b4 Rc7 30. Rd6 Qe7 31. Qd3 Rc1+ 32. Kh2 Qh4+ 33. Qh3
Qg5 34. g3 Qxe5 35. Rd8+ Kh7 36. Rd7 Qe4 37. Qg2 Qg4 38. Qb7 Qxh5+ 39. Kg2 Qh1#
0-1

[Event "NCL967 Northumbria-Barbican"]
[Site "Rd3"]
[Date "1996.11.23"]
[Round "3.3"]
[White "Bell, Stephen"]
[Black "Dishman, Stephen"]
[Result "1-0"]
[WhiteElo "2365"]
[BlackElo "2300"]
[PlyCount "97"]
[EventDate "1996.11.23"]
[Source "J.Saunders"]
[SourceDate "1998.06.06"]

1. Nf3 d6 2. e4 Nf6 3. Nc3 e5 4. d4 Nbd7 5. h3 Be7 6. g3 O-O 7. Bg2 c6 8. a4 b6
9. O-O Re8 10. Re1 Bf8 11. Be3 a6 12. d5 cxd5 13. exd5 Bb7 14. Nd2 Rc8 15. Ra3
g6 16. g4 h6 17. Nf1 Bg7 18. Qd2 Kh7 19. Ng3 Nc5 20. Raa1 Rc7 21. Rad1 Rce7 22.
g5 Ng8 23. b4 Nd7 24. Nce4 Qc7 25. c4 f5 26. gxf6 Ndxf6 27. c5 bxc5 28. bxc5
Rd8 29. cxd6 Rxd6 30. Nxd6 Qxd6 31. Qa5 Rf7 32. Qb6 Qd7 33. Qe6 Bc8 34. Qxd7
Bxd7 35. a5 Ne7 36. d6 Nf5 37. Nxf5 gxf5 38. f4 e4 39. Bf1 Nh5 40. Bxa6 Bc3 41.
Re2 Bxa5 42. Rg2 Bd8 43. Kh2 Bf6 44. Bc4 Rf8 45. Rb1 Ng7 46. Rb7 Bc6 47. Rc7
Ba4 48. Rgxg7+ Bxg7 49. Bd4 1-0

[Event "NCL967 Northumbria-Barbican"]
[Site "Rd3"]
[Date "1996.11.23"]
[Round "3.4"]
[White "Rogers, Jonathan"]
[Black "Wall, Tim"]
[Result "1/2-1/2"]
[WhiteElo "2300"]
[BlackElo "2320"]
[PlyCount "131"]
[EventDate "1996.11.23"]
[Source "J.Saunders"]
[SourceDate "1998.06.06"]

1. d4 e6 2. c4 f5 3. Nf3 Nf6 4. Bf4 d6 5. Nc3 Be7 6. e3 O-O 7. h3 Ne4 8. Bd3
Nxc3 9. bxc3 c5 10. O-O Nd7 11. Qc2 Nf6 12. Bg5 Qe8 13. Bxf6 Bxf6 14. e4 fxe4
15. Bxe4 Qh5 16. Rfe1 Rb8 17. a4 cxd4 18. cxd4 Bd7 19. Rab1 b6 20. d5 exd5 21.
Bxd5+ Kh8 22. Qd2 Bxa4 23. Qb4 Bc2 24. Rbc1 Qg6 25. Qxd6 Bf5 26. Kh1 Bb2 27.
Qxg6 Bxg6 28. Rcd1 Bf6 29. Re3 Rbd8 30. g4 h6 31. Kg2 Rfe8 32. Ra3 Re7 33. Rh1
b5 34. Kg3 b4 35. Ra6 b3 36. h4 b2 37. g5 b1=Q 38. Rxb1 Bxb1 39. gxf6 gxf6 40.
Rxf6 Kg7 41. Ra6 Bd3 42. Ra3 Be4 43. Bxe4 Rxe4 44. Rxa7+ Kf6 45. Ra6+ Re6 46.
Ra3 Re4 47. Ra6+ Re6 48. Ra3 Rc6 49. Rc3 Kf5 50. Nh2 Rg6+ 51. Kh3 Rc8 52. Nf1
Ke4 53. h5 Rg5 54. Ng3+ Kd4 55. Rf3 Rc6 56. Rf4+ Kd3 57. Kg2 Rgc5 58. Kf3 Rxc4
59. Nf5 Rf6 60. Rxc4 Kxc4 61. Ke4 Re6+ 62. Kf4 Kd5 63. Kg4 Rf6 64. f4 Ke4 65.
Ng3+ Ke3 66. Nf5+ 1/2-1/2

[Event "NCL967 Northumbria-Barbican"]
[Site "Rd3"]
[Date "1996.11.23"]
[Round "3.5"]
[White "Ledger, David"]
[Black "Twyble, Michael"]
[Result "1/2-1/2"]
[WhiteElo "2235"]
[BlackElo "2250"]
[PlyCount "24"]
[EventDate "1996.11.23"]
[Source "J.Saunders"]
[SourceDate "1998.06.06"]

1. d4 Nf6 2. c4 g6 3. Nc3 Bg7 4. e4 O-O 5. Nf3 d6 6. Be2 e5 7. O-O exd4 8. Nxd4
Re8 9. f3 Nh5 10. g4 c5 11. Nc2 Be5 12. gxh5 Bxh2+ 1/2-1/2

[Event "NCL967 Northumbria-Barbican"]
[Site "Rd3"]
[Date "1996.11.23"]
[Round "3.6"]
[White "Sands, David"]
[Black "Waters, Clive"]
[Result "1-0"]
[WhiteElo "2260"]
[BlackElo "2235"]
[PlyCount "143"]
[EventDate "1996.11.23"]
[Source "J.Saunders"]
[SourceDate "1998.06.06"]

1. d4 e6 2. c4 f5 3. g3 Nf6 4. Bg2 Be7 5. Nf3 O-O 6. O-O Ne4 7. b3 Bf6 8. Bb2
c5 9. e3 d6 10. Nc3 Nxc3 11. Bxc3 Nc6 12. Rc1 Ne7 13. Qe2 cxd4 14. Bxd4 Bd7 15.
Rfd1 Nc8 16. Bxf6 Qxf6 17. Nd4 Rb8 18. Qd2 a6 19. Qa5 Qd8 20. Qa3 Qf6 21. Rd2
Kh8 22. Rcd1 Be8 23. Qa5 Qe7 24. Re1 Bg6 25. Qb4 Na7 26. Ne2 Rfd8 27. Red1 Bh5
28. f3 Nc6 29. Qa3 Ne5 30. Kf2 Nf7 31. Nf4 e5 32. Nxh5 g6 33. Nf4 exf4 34. exf4
Re8 35. Qb2+ Kg8 36. Re2 Qxe2+ 37. Qxe2 Rxe2+ 38. Kxe2 b5 39. cxb5 axb5 40. Kd3
Rc8 41. Rd2 Rc1 42. Rc2 Rd1+ 43. Kc3 d5 44. Rd2 b4+ 45. Kd3 Rc1 46. Kd4 Nd6 47.
Kxd5 Nb5 48. g4 Kf7 49. gxf5 gxf5 50. Ke5 Kg6 51. Bh3 Re1+ 52. Kd5 Rc1 53. Ke6
Re1+ 54. Kd7 Nc3 55. Rd6+ Kf7 56. Bxf5 Nxa2 57. Bxh7 Re3 58. Be4 Nc3 59. Rd3
Re2 60. Rd4 Rxh2 61. Rxb4 Rd2+ 62. Kc6 Ne2 63. f5 Kf6 64. Kc5 Nf4 65. Rd4 Ra2
66. b4 Ra7 67. b5 Ke5 68. Rd8 Rc7+ 69. Kb4 Rh7 70. b6 Rh2 71. b7 Rb2+ 72. Ka3
1-0

[Event "NCL967 Northumbria-Barbican"]
[Site "Rd3"]
[Date "1996.11.23"]
[Round "3.7"]
[White "King, Jonathan"]
[Black "Kenworthy, Gary"]
[Result "1/2-1/2"]
[WhiteElo "2115"]
[BlackElo "2275"]
[PlyCount "70"]
[EventDate "1996.11.23"]
[Source "J.Saunders"]
[SourceDate "1998.06.06"]

1. e4 c5 2. Nf3 e6 3. d3 Nc6 4. g3 g6 5. d4 Bg7 6. dxc5 Qa5+ 7. c3 Nf6 8. Nbd2
Qxc5 9. Bg2 O-O 10. O-O d5 11. Nb3 Qb6 12. exd5 Nxd5 13. Nbd4 Bd7 14. Nxc6 Bxc6
15. Qb3 Qxb3 16. axb3 Rfd8 17. Nd2 Nb6 18. Bxc6 bxc6 19. Ra6 Rd7 20. Ne4 Rad8
21. Bg5 Rb8 22. b4 Nc4 23. b3 Nd6 24. Nf6+ Bxf6 25. Bxf6 Ne4 26. Bd4 Nd2 27.
Bxa7 Ra8 28. Rfa1 Nxb3 29. R1a3 Nc1 30. c4 e5 31. Be3 Rc8 32. Ra8 Rxa8 33.
Rxa8+ Kg7 34. b5 cxb5 35. cxb5 Ne2+ 1/2-1/2

[Event "NCL967 Northumbria-Barbican"]
[Site "Rd3"]
[Date "1996.11.23"]
[Round "3.8"]
[White "Lang, Heather"]
[Black "Barnes, Lara"]
[Result "1-0"]
[WhiteElo "2065"]
[BlackElo "1264"]
[PlyCount "91"]
[EventDate "1996.11.23"]
[Source "J.Saunders"]
[SourceDate "1998.06.06"]

1. e4 e6 2. d4 d5 3. Nc3 Nf6 4. Bg5 dxe4 5. Nxe4 Be7 6. Bxf6 gxf6 7. Nf3 b6 8.
Bb5+ c6 9. Bd3 Bb7 10. Qe2 Qc7 11. O-O-O Nd7 12. Rhe1 O-O-O 13. Ba6 Rhg8 14.
Bxb7+ Kxb7 15. Kb1 f5 16. Ng3 Bb4 17. c3 Bd6 18. Qf1 Nf6 19. c4 Rc8 20. Re2 Rg4
21. Ne5 Rh4 22. h3 Ne4 23. Nxe4 fxe4 24. Ng4 f5 25. Ne3 Qf7 26. Rc2 Rh5 27. Rc3
f4 28. Nc2 Qf5 29. b4 e3 30. fxe3 Bxb4 31. Rb3 Be7 32. exf4 Qf8 33. g4 Ra5 34.
Qe1 Kc7 35. Qxe6 Re8 36. d5 Bd6 37. Qf5 Qg8 38. Qd3 cxd5 39. f5 Re5 40. cxd5
Rexd5 41. Qf3 Rdb5 42. Nd4 Rxb3+ 43. axb3 Qe8 44. Ne6+ Kb8 45. Rxd6 Qd8 46.
Rxd8# 1-0

[Event "NCL967 Richmond-Wessex"]
[Site "Rd4"]
[Date "1996.11.24"]
[Round "4.1"]
[White "McShane, Luke"]
[Black "Poulton, James"]
[Result "1-0"]
[WhiteElo "2385"]
[BlackElo "2360"]
[PlyCount "109"]
[EventDate "1996.11.24"]
[Source "J.Saunders"]
[SourceDate "1998.06.06"]

1. e4 c5 2. Nf3 Nc6 3. d4 cxd4 4. Nxd4 g6 5. c4 Bg7 6. Be3 Nf6 7. Nc3 d6 8. Be2
Bd7 9. Qd2 O-O 10. f3 Nxd4 11. Bxd4 Bc6 12. O-O Nd7 13. Be3 a5 14. b3 Nc5 15.
Rfd1 Qb6 16. Rab1 Rfc8 17. a3 Qd8 18. Bf1 Be5 19. Qe1 Qf8 20. Nd5 Bxd5 21. Rxd5
Qg7 22. Qf2 Rc6 23. g3 Bf6 24. Bg2 e6 25. Rdd1 Qf8 26. f4 e5 27. f5 Qe7 28. h4
Rb8 29. Rf1 Kg7 30. Qd2 a4 31. Bh6+ Kg8 32. Qf2 Nd7 33. Bh3 Bg7 34. f6 Nxf6 35.
Bg5 d5 36. exd5 Ra6 37. c5 Qf8 38. d6 Ne4 39. Qe3 Nxg5 40. hxg5 Qd8 41. b4 b6
42. Qd3 b5 43. Rxf7 Qxg5 44. Be6 Kh8 45. Kg2 e4 46. Qxe4 Re8 47. Rbf1 Be5 48.
Rf8+ Rxf8 49. Rxf8+ Kg7 50. Rf7+ Kh6 51. Qh4+ Qxh4 52. gxh4 Ra8 53. Bd5 Rd8 54.
Bc6 Bb2 55. Rf3 1-0

[Event "NCL967 Richmond-Wessex"]
[Site "Rd4"]
[Date "1996.11.24"]
[Round "4.2"]
[White "Rossiter, Philip"]
[Black "Williams, Simon"]
[Result "0-1"]
[WhiteElo "2370"]
[BlackElo "2350"]
[PlyCount "62"]
[EventDate "1996.11.24"]
[Source "J.Saunders"]
[SourceDate "1998.06.06"]

1. e4 c5 2. Nf3 d6 3. d4 cxd4 4. Nxd4 Nf6 5. Nc3 g6 6. Be2 Bg7 7. O-O O-O 8.
Nb3 Nbd7 9. f4 b5 10. a3 Bb7 11. Bf3 a5 12. Re1 b4 13. axb4 axb4 14. Rxa8 Qxa8
15. Nd5 Nxd5 16. exd5 Nb6 17. Rxe7 Bxd5 18. Bxd5 Nxd5 19. Re1 Rc8 20. h3 Bf6
21. Qd3 Kg7 22. Kh2 h5 23. Nd4 Nb6 24. Nb5 d5 25. Be3 Qb8 26. Bd4 Nd7 27. c3
Rc4 28. b3 Rc6 29. Re7 Nc5 30. Bxc5 Rxc5 31. cxb4 Qxf4+ 0-1

[Event "NCL967 Richmond-Wessex"]
[Site "Rd4"]
[Date "1996.11.24"]
[Round "4.3"]
[White "Bates, Richard"]
[Black "Corkett, Anthony"]
[Result "0-1"]
[WhiteElo "2315"]
[BlackElo "2285"]
[PlyCount "80"]
[EventDate "1996.11.24"]
[Source "J.Saunders"]
[SourceDate "1998.06.06"]

1. d4 Nf6 2. Nf3 d5 3. g3 Bf5 4. Bg2 e6 5. O-O Be7 6. c3 h6 7. Ne5 O-O 8. Nd2
Nbd7 9. Nxd7 Qxd7 10. b3 c5 11. dxc5 Bxc5 12. e4 Bg4 13. Qe1 Rfe8 14. e5 Nh7
15. Bb2 Rac8 16. Kh1 b5 17. f4 a5 18. a4 Red8 19. h3 Bf5 20. g4 Bg6 21. Qg3 d4
22. Ne4 Bxe4 23. Bxe4 dxc3 24. Bxc3 b4 25. Bb2 Qd2 26. Rab1 Qe3 27. Qxe3 Bxe3
28. Kg2 Rd2+ 29. Kf3 Bb6 30. h4 Nf8 31. Rfd1 Rf2+ 32. Kg3 Re2 33. Bd3 Re3+ 34.
Kg2 Ng6 35. Bxg6 fxg6 36. Bc1 Rc2+ 37. Kf1 Rf3+ 38. Ke1 Bf2+ 39. Kf1 Bxh4+ 40.
Kg1 Rg3+ 0-1